Govt. of
Madhya Pradesh

How To develop A Powerful And Positive Personality (Record no. 49480)

MARC details
000 -LEADER
fixed length control field 004120000a22001570004500
001 - CONTROL NUMBER
control field 000173
003 - CONTROL NUMBER IDENTIFIER
control field MACL
040 ## - CATALOGING SOURCE
Original cataloging agency MACL
090 ## - LOCALLY ASSIGNED LC-TYPE CALL NUMBER (OCLC); LOCAL CALL NUMBER (RLIN)
-- 173
-- 173
100 ## - MAIN ENTRY--PERSONAL NAME
Personal name Iyer, Venkata
245 ## - TITLE STATEMENT
Title How To develop A Powerful And Positive Personality
Remainder of title A guide To Step By Step Personality Development
Statement of responsibility, etc. Venkata Iyer
260 ## - PUBLICATION, DISTRIBUTION, ETC. (IMPRINT)
Place of publication, distribution, etc. Sterling Publishers,
Date of publication, distribution, etc. 1999
350 ## - PRICE (NR) (BK AM CF MU VM SE) [OBSOLETE]
Price 95
650 ## - SUBJECT ADDED ENTRY--TOPICAL TERM
Topical term or geographic name as entry element Psychology
942 ## - ADDED ENTRY ELEMENTS (KOHA)
Call number prefix 155
Koha item type Library Membar

No items available.